000 00702nam a2200277Ia 4500
005 20260324122016.0
008 008 260324s9999 xx 000 0 eng d
020 _a9781315880495
037 _aEBOOK
040 _aCRL
040 _beng
040 _cCRL
041 _2eng
041 _aeng
084 _qCRL
100 _aAli Madanipour; Sabine Knierbein; AglaƩe Degros
_91164753
245 0 _aPublic Space and the Challenges of Urban Transformation in Europe
260 _bTaylor and Francis
260 _c2013
365 _a
365 _b290
856 _uhttp://www.taylorfrancis.com/books/9781315880495
942 _cEBOOK
999 _c1757183
_d1757183